000 00445nam a22001457a 4500
020 _a0618124926
082 _a813.087208
_bLAW
100 _a Block, Lawrence
245 _aThe best American mystery stories, 2001 /
_cLawrence Block
260 _aNew York:
_bHoughton Mifflin Company,
_c2001.
300 _a349 p.
563 _aHBK
650 _aShort stories, American
_aDetective and mystery stories, American
_991638
942 _2ddc
_cBK
999 _c589768
_d589768